zpět

Detail výsledku týmu

Oskar klub, Neratovice

Datum a čas kvízu

27 Celkem bodů Celkový počet nahraných bodů na tomto kvízu bez doplňovacích otázek.
4. Pořadí na kvízu Konečné umístění týmu na tomto kvízu.

Zaznamenané odpovědi

# Otázka Odpověď Body Výsledky
1. Pražská povolební jednání se c... 0
2. Po kterém ruském umělci je poj... 0
3. Vrcholem popularity této zpěva... 1
4. Bývalý ministr obrany Jaroslav... 1
5. Jak se jmenuje útočník, jenž v... 1
6. V různých seriálech se objevil... 0
7. Napište jména herců, kteří ztv... 1
8. Walter White a Jesse Pinkman.... 0
9. Excentrický sedmdesátiletý věd... 1
10. A nakonec dvojice z českých ve... 0